Dios, horizonte del hombre
Guardado en:
| Autor principal: | |
|---|---|
| Formato: | Libro |
| Lenguaje: | español |
| Publicado: |
Madrid
B.A.C
1994
|
| Colección: | Sapientia Fidei. Serie de Manuales de Teología. Teología Fundamental, 3
|
| Materias: | |
| Etiquetas: |
Agregar Etiqueta
Sin Etiquetas, Sea el primero en etiquetar este registro!
|
MARC
| LEADER | 00000nam a2200000 a 4500 | ||
|---|---|---|---|
| 001 | UCY2491 | ||
| 003 | CL-VaPUC | ||
| 008 | 941028e19940000SP |||||||||||||||||spa|d | ||
| 020 | |a 8479141158 | ||
| 082 | 0 | 4 | |a 211 |b SAH |2 21 |
| 100 | |a Lucas Hernández, Juan de Sahagún |e autor |9 590414 | ||
| 245 | 1 | 0 | |a Dios, horizonte del hombre |
| 300 | |a 312 p | ||
| 942 | |c BK | ||
| 945 | |d 19941028 00:00:00 |a aalvarez | ||
| 260 | |a Madrid |b B.A.C |c 1994 | ||
| 650 | 0 | |a Dios |9 266622 | |
| 650 | 0 | |a Filosofía de la religión |9 256017 | |
| 583 | |a last modification |c 19941028 00:00:00 |k Rodrigo Vera | ||
| 490 | 0 | |a Sapientia Fidei. Serie de Manuales de Teología. Teología Fundamental, 3 | |
| 999 | |c 230889 |d 230887 | ||
| 952 | |0 0 |1 2 |4 0 |6 211_000000000000000_SAH_1994 |7 0 |8 A |9 233514 |a BIBTEO |b BIBTEO |d 2019-11-15 |i 302878K |o 211 SAH 1994 |p 302878K |r 2019-11-15 |w 2019-11-15 |y BK |k ICR | ||
| 952 | |0 0 |1 0 |4 0 |6 211_000000000000000_SAH_1994 |7 0 |8 A |9 233515 |a BIBTEO |b BIBTEO |d 2019-11-15 |i 2025809 |o 211 SAH 1994 |p 2025809 |r 2025-01-17 |w 2019-11-15 |y BK |k ICR | ||
| 952 | |0 0 |1 0 |4 0 |6 211_000000000000000_SAH_1994 |7 0 |8 A |9 233516 |a BIBTEO |b BIBTEO |d 2019-11-15 |i 3959104 |o 211 SAH 1994 |p 3959104 |r 2025-01-17 |w 2019-11-15 |y BK |k ICR | ||
| 952 | |0 0 |1 0 |4 0 |6 211_000000000000000_SAH_1994 |7 0 |8 A |9 233517 |a BIBTEO |b BIBTEO |d 2019-11-15 |i 4076419 |o 211 SAH 1994 |p 4076419 |r 2025-01-17 |w 2019-11-15 |y BK |k ICR | ||
| 952 | |0 0 |1 0 |4 0 |6 211_000000000000000_SAH_1994 |7 0 |8 A |9 233518 |a BIBTEO |b BIBTEO |d 2019-11-15 |i 4272498 |o 211 SAH 1994 |p 4272498 |r 2025-01-17 |w 2019-11-15 |y BK |k ICR | ||
| 952 | |0 0 |1 0 |4 0 |6 211_000000000000000_SAH_1994 |7 0 |8 A |9 233519 |a BIBTEO |b BIBTEO |d 2019-11-15 |i 4272501 |o 211 SAH 1994 |p 4272501 |r 2025-01-17 |w 2019-11-15 |y BK |k ICR | ||